ឥទ្ធិពលរបស់ខ្មូត sitophilus zeamias ទៅលើការស្តុកគ្រាប់ពោតក្រហមនៅតាមបណ្តាឃ្លាំងនានាជុំវិញរាធានីភ្នំពេញ ( the economic impact of sitophilus zeamais on stock of yellow corn in the warehouses around phnom penh) (Record no. 372)

000 -LEADER
fixed length control field 00723nam a22001577a 4500
003 - CONTROL NUMBER IDENTIFIER
control field OSt
005 - DATE AND TIME OF LATEST TRANSACTION
control field 20150913144758.0
008 - FIXED-LENGTH DATA ELEMENTS--GENERAL INFORMATION
fixed length control field 150913b xxu||||| |||| 00| 0 eng d
040 ## - CATALOGING SOURCE
Transcribing agency RUA
082 ## - DEWEY DECIMAL CLASSIFICATION NUMBER
Classification number AGR KOL 1998 B020 Or.1
100 ## - MAIN ENTRY--PERSONAL NAME
9 (RLIN) 393
Personal name KOL, LYNA.
245 ## - TITLE STATEMENT
Title ឥទ្ធិពលរបស់ខ្មូត sitophilus zeamias ទៅលើការស្តុកគ្រាប់ពោតក្រហមនៅតាមបណ្តាឃ្លាំងនានាជុំវិញរាធានីភ្នំពេញ ( the economic impact of sitophilus zeamais on stock of yellow corn in the warehouses around phnom penh)
260 ## - PUBLICATION, DISTRIBUTION, ETC. (IMPRINT)
Place of publication, distribution, etc. Phnom Penh
Name of publisher, distributor, etc. RUA
Date of publication, distribution, etc. 1998
300 ## - PHYSICAL DESCRIPTION
Extent 68p.
Other physical details ill.
Dimensions 29cm.
942 ## - ADDED ENTRY ELEMENTS (KOHA)
Source of classification or shelving scheme
Koha item type AGR
Holdings
Price effective from Date last seen Permanent Location Not for loan Date acquired Source of classification or shelving scheme Koha item type Lost status Withdrawn status Date last checked out Total Checkouts Shelving location Damaged status Barcode Current Location Full call number
2015-09-132023-07-14Library Block B 2015-09-13 AGR  2023-07-041B020 RUA003475Library Block BAGR KOL 1998 B020 Or.1
2015-09-132015-09-13Library Block B 2015-09-13 AGR    B020 RUA003412Library Block BAGR KOL 1998 B020 Or.2
2015-09-132015-09-13Library Block B 2015-09-13 AGR    B020 RUA003028Library Block BAGR KOL 1998 B020 Or.3
2015-09-132015-09-13Library Block B 2015-09-13 AGR    B020 RUA003313Library Block BAGR KOL 1998 B020 Or.4
មជ្ឈមណ្ឌលឯការនៃសាកលវិទ្យាល័យភូមិន្ទកសិកម្មចំការដូង

Powered by Koha